| 000 | 00519 a2200169 4500 | ||
|---|---|---|---|
| 003 | OSt | ||
| 005 | 20230905104758.0 | ||
| 008 | 230905b |||||||| |||| 00| 0 eng d | ||
| 040 | _coclc | ||
| 082 |
_a428.076 _bTHO/O |
||
| 100 |
_aThorpe, Edgar _96395 |
||
| 245 |
_aOBJECTIVE ENGLISH FOR COMPETITIVE EXAMINATIONS / _cEdgar Thorpe, Showick Thorpe |
||
| 250 | _a7th ed. | ||
| 260 |
_aNew Delhi: _bPearson, _c2021. |
||
| 300 | _amultipagination | ||
| 942 |
_2ddc _cBK _h428.076 _iTHO/O _k428.076 _mTHO/O |
||
| 999 |
_c42111 _d42111 |
||